Estatísticas para Taylor Swift quiz #3

Clique aqui para jogar o quiz

Estatísticas Gerais

  • Esse quiz foi jogado 85 vezes
  • A pontuação média é 19 de 35

Estatísticas das Respostas

HintResposta% Correto
Como se chama o atual namorado de Taylor?Travis Kelce
94%
Quantos vestidos diferentes para a era fearless Taylor já usou na "The Eras Tour"?3
93%
Nova York
88%
Qual a cor do álbum "Taylor Swift"?Verde
88%
Qual cantora Kanye West defendeu quando pegou o microfone de Swift no incidente do VMAs em 2009?Beyoncé
87%
Beyoncé
87%
Qual álbum foi o primeiro a ser regravado?Fearless
86%
Qual animal grita no famoso meme da música "IKYWT"?Cabra
83%
Qual o signo de Taylor?Sagitário
80%
Verão
77%
Qual cantor possui um remix de "Lover" juntamente com Taylor?Shawn Mendes
75%
Agosto
71%
E quais meses / estações do ano aparecem nos títulos de músicas?Dezembro
71%
Inverno
71%
Qual o nome da segunda faixa de "Red"?Red
71%
A música "Last kiss" foi escrita para qual ex de Taylor?Joe Jonas
67%
Katy Perry
62%
Qual o nome da mãe de Taylor?Andrea
55%
Complete: "Back when we were still changing for the better / _______ ___ ______"
Wanting was enough
54%
Londres
48%
Em uma cena do clipe de "You need to calm down", são vistas representações de cantoras famosas em um concurso de "pop queen". Quais são as cantoras representadas?Ariana Grande
43%
Quais foram as músicas surpresa do último dia da "The Eras Tour" no Brasil?say don't go
43%
Qual faixa "Taylor's version" de 1989 foi a primeira a ser divulgada?Wildest dreams
43%
Lady Gaga
38%
Onde Swift apresentou a música "Monologue song (la la la)"?Saturday Night Live
36%
Quais cidades estão nos títulos de musicas de Taylor?Paris
35%
Qual o feat da música "Nothing New"?Phoebe bridgers
35%
Complete: "My baby's fly like a jet stream / High above the _____ _____"whole scene
30%
it's time to go
28%
Adele
22%
De qual música o trecho "Wanna see what's under that attitude like" faz parte?I think he knows
22%
Taylor Swift
22%
Qual foi a primeira música de Taylor número um na Billboard hot 100?We are never ever getting back together
20%
Cardi B
12%
Nicki Minaj
10%

Distribuição das Pontuações

Percentil de Números Respondidos

Porcentagem de Pessoas com Cada Pontuação

Sua Pontuação Histórica

Você não jogou esse quiz